书目信息 |
| 题名: |
中国式精益化管理
|
|
| 作者: | 唐勇 , 王林农 著 | |
| 分册: | ||
| 出版信息: | 广州 广东经济出版社 2014 |
|
| 页数: | 242页 | |
| 开本: | 25cm | |
| 丛书名: | ||
| 单 册: | ||
| 中图分类: | F279.245 | |
| 科图分类: | ||
| 主题词: | 私营企业--企业管理--研究--中国 , 私营企业 , 企业管理 | |
| 电子资源: | ||
| ISBN: | 978-7-5454-2726-4 | |
| 000 | 00845nam0 2200277 450 | |
| 001 | 523 | |
| 005 | 20140909093116.50 | |
| 010 | @a978-7-5454-2726-4@dCNY48.00 | |
| 100 | @a20140326d2014 em y0chiy50 ea | |
| 101 | 0 | @achi |
| 102 | @aCN@b440000 | |
| 105 | @aa z 000yy | |
| 106 | @ar | |
| 200 | 1 | @a中国式精益化管理@e刘永行内部讲话@f唐勇,王林农著 |
| 210 | @a广州@c广东经济出版社@d2014 | |
| 215 | @a242页@c照片@d25cm | |
| 330 | @a本书是对刘永行管理思想的全面解读。书中包含了刘永行在东方希望集团各个发展时期的内部讲话以及媒体对话,尤其是在精益化管理方面的讲话。 | |
| 517 | 1 | @a刘永行内部讲话 |
| 606 | 0 | @a私营企业@x企业管理@x研究@y中国 |
| 606 | 0 | @a私营企业 |
| 606 | 0 | @a企业管理 |
| 690 | @aF279.245@v5 | |
| 701 | 0 | @a唐勇@4著 |
| 701 | 0 | @a王林农@4著 |
| 801 | 0 | @aCN@bTANGWEI@c20140603 |
| 905 | @b0842870-72@dF279.245@e1154@f3 | |
| 中国式精益化管理:刘永行内部讲话/唐勇,王林农著.-广州:广东经济出版社,2014 |
| 242页:照片;25cm |
| ISBN 978-7-5454-2726-4:CNY48.00 |
| 本书是对刘永行管理思想的全面解读。书中包含了刘永行在东方希望集团各个发展时期的内部讲话以及媒体对话,尤其是在精益化管理方面的讲话。 |
| ● |
| 相关链接 |
|
|
|
|
正题名:中国式精益化管理
索取号:F279.245/1154
 
预约/预借
| 序号 | 登录号 | 条形码 | 馆藏地/架位号 | 状态 | 备注 |
| 1 | 0842870 | 208428708 | 第一样本阅览室/ [索取号:F279.245/1154] | 在馆 | |
| 2 | 0842871 | 208428717 | 第一借阅区/ [索取号:F279.245/1154] | 在馆 | |
| 3 | 0842872 | 208428726 | 密集书库-海洋学院/ [索取号:F279.245/1154] | 在馆 |